Proceedings : United States-Japan Seminar on Differential and Functional Equations : University of Minnesota, Minneapolis, Minn., June 26-30, 1967 /
Guardado en:
| Autores Corporativos: | , , |
|---|---|
| Otros Autores: | , |
| Formato: | Libro |
| Idioma: | English |
| Publicado: |
New York :
W. A. Benjamin,
1967.
|
| Etiquetas: |
Agregar Etiqueta
Sin Etiquetas, Sea el primero en etiquetar este registro!
|
| LEADER | 01203cam a22002295a 4500 | ||
|---|---|---|---|
| 001 | MAT.inmabb002380 | ||
| 008 | 840920s1967####nyua#####b####100#0#eng#d | ||
| 005 | 20160530121034.0 | ||
| 245 | 1 | 0 | |a Proceedings : |b United States-Japan Seminar on Differential and Functional Equations : University of Minnesota, Minneapolis, Minn., June 26-30, 1967 / |c edited by William A. Harris, Jr. [and] Yasutaka Sibuya. |
| 260 | |a New York : |b W. A. Benjamin, |c 1967. | ||
| 300 | |a xvi, 585 p. : |b il. ; |c 24 cm. | ||
| 500 | |a "Held under the auspices of the National Science Foundation, Office of International Science Activities, and the Japan Society for the Promotion of Science"--Preface. | ||
| 504 | |a Incluye referencias bibliográficas. | ||
| 510 | 4 | |a MR, |c 36 #5415 | |
| 111 | 2 | |a United States-Japan Seminar on Differential and Functional Equations |d (1967 : |c University of Minnesota) | |
| 700 | 1 | |a Harris, William A. |q (William Ashton) |4 edt | |
| 700 | 1 | |a Sibuya, Yasutaka, |d 1930- |4 edt | |
| 710 | 2 | |a National Science Foundation (U.S.). |b Office of International Science Activities. | |
| 710 | 2 | |a Nihon Gakujutsu Shink¯okai. | |
| 084 | |a 34-06 |2 msc2000 | ||
| 010 | |a 67031089 | ||
| 859 | |h 34 |i Un58-1967 |p A-4054 |b BIB. MATEMATICA | ||
